Registro General del Sello / (Record no. 114643)
[ view plain ]
| 000 -LEADER | |
|---|---|
| campo de control de longitud fija | 01750nam a2200337 i 4500 |
| 001 - NÚMERO DE CONTROL | |
| campo de control | 114643 |
| 003 - IDENTIFICADOR DE NÚMERO DE CONTROL | |
| campo de control | ES-MaACL |
| 005 - FECHA Y HORA DE LA ÚLTIMA TRANSACCIÓN | |
| campo de control | 20250818102649.0 |
| 007 - CAMPO FIJO DE DESCRIPCIÓN FÍSICA--INFORMACIÓN GENERAL | |
| campo de control de longitud fija | t| |
| 008 - DATOS DE LONGITUD FIJA--INFORMACIÓN GENERAL | |
| campo de control de longitud fija | 070316m19501974sp ||||1| spa d |
| 080 ## - NÚMERO DE LA CLASIFICACIÓN DECIMAL UNIVERSAL | |
| Número de la Clasificación Decimal Universal | 016:94(460)"1474/1516"(093) |
| 080 ## - NÚMERO DE LA CLASIFICACIÓN DECIMAL UNIVERSAL | |
| Número de la Clasificación Decimal Universal | 016:94(460.18)"1454/74"(093) |
| 080 ## - NÚMERO DE LA CLASIFICACIÓN DECIMAL UNIVERSAL | |
| Número de la Clasificación Decimal Universal | 930.255(460.185 Simancas) |
| 110 2# - ENTRADA PRINCIPAL--NOMBRE DE ENTIDAD CORPORATIVA | |
| Nombre de entidad corporativa o nombre de jurisdicción como elemento de entrada | Archivo General de Simancas. |
| 9 (RLIN) | 1439 |
| 245 10 - MENCIÓN DEL TÍTULO | |
| Título | Registro General del Sello / |
| Mención de responsabilidad, etc. | por Gonzalo Ortiz de Montalván ; introducción del Ilmo. Miguel Bordonau y Mas. |
| 250 ## - MENCION DE EDICION | |
| Mención de edición | Nueva ed. rev., reform. y preparada por María Asunción de Mendoza Lassalle. |
| 260 ## - PUBLICACIÓN, DISTRIBUCIÓN, ETC. | |
| Lugar de publicación, distribución, etc. | Valladolid : |
| Nombre del editor, distribuidor, etc. | Andrés Martín, |
| Fecha de publicación, distribución, etc. | 1950-1974. |
| 300 ## - DESCRIPCIÓN FÍSICA | |
| Extensión | 12 v. ; |
| Dimensiones | 25 cm. |
| 490 1# - MENCIÓN DE SERIE | |
| Mención de serie | Biblioteca Reyes Católicos. Inventarios y catálogos ; |
| Designación de volumen o secuencia | 1-12 |
| 505 8# - NOTA DE CONTENIDO CON FORMATO | |
| Nota de contenido con formato | Contiene: v. 1. 1454-1477 - v. 2. 1478-junio 1480 - v. 3. Julio 1480-diciembre 1484 - v. 4. Enero 1485-diciembre 1486 - v. 5. Enero 1487-diciembre 1488 - v. 6. Enero-diciembre 1489 - v. 7. Enero-diciembre 1490 - v. 8. Enero-diciembre 1491 - v. 9. Enero-diciembre 1492 - v. 10. Enero-diciembre 1493 - v. 11. Enero-diciembre 1494 - v. 12. Enero-diciembre 1495. |
| 596 ## - NOTA AL PIE DE IMPRENTA | |
| NOTA AL PIE DE IMPRENTA | V. 11-12 ed. por Instituto Jerónimo Zurita. |
| 610 24 - PUNTO DE ACCESO ADICIONAL DE MATERIA--NOMBRE DE ENTIDAD CORPORATIVA | |
| Nombre de entidad corporativa o nombre de jurisdicción como elemento de entrada | Archivo General de Simancas- |
| Subdivisión de forma | Catálogos. |
| 9 (RLIN) | 1440 |
| 651 ## - PUNTO DE ACCESO ADICIONAL DE MATERIA--NOMBRE GEOGRÁFICO | |
| Nombre geográfico | España- |
| Subdivisión general | Historia- |
| Subdivisión cronológica | 1474-1516, Reyes Católicos- |
| Subdivisión de forma | Fuentes. |
| 9 (RLIN) | 8223 |
| 651 #4 - PUNTO DE ACCESO ADICIONAL DE MATERIA--NOMBRE GEOGRÁFICO | |
| Nombre geográfico | Castilla (Reino)- |
| Subdivisión general | Historia- |
| Subdivisión cronológica | 1454-1474, Enrique IV |
| 9 (RLIN) | 7991 |
| 700 1# - ENTRADA AGREGADA--NOMBRE PERSONAL | |
| Nombre de persona | Ortíz de Montalván, Gonzalo. |
| 9 (RLIN) | 87600 |
| 700 1# - ENTRADA AGREGADA--NOMBRE PERSONAL | |
| Nombre de persona | Bordonau Mas, Miguel. |
| 9 (RLIN) | 30417 |
| 700 1# - ENTRADA AGREGADA--NOMBRE PERSONAL | |
| Nombre de persona | Mendoza Lassalle, María Asunción. |
| 9 (RLIN) | 80262 |
| 830 10 - PUNTO DE ACCESO ADICIONAL DE SERIE-TÍTULO UNIFORME | |
| Título uniforme | Biblioteca Reyes Católicos (Andrés Martín) |
| Designación de volumen o secuencia | 1-12 |
| 9 (RLIN) | 233256 |
| 852 ## - LOCALIZACIÓN | |
| Ubicación | ES-MaACL |
| Número de control de estantería | P-1045-Ter |
| Estatus retirado | Estado de pérdida | Estado de daño | No para préstamo | Biblioteca de origen | Biblioteca actual | Ubicación en estantería | Fecha de adquisición | Fuente de adquisición | Total de préstamos | Signatura topográfica completa | Código de barras | Visto por última vez | Precio de reemplazo | Tipo de ítem Koha |
|---|---|---|---|---|---|---|---|---|---|---|---|---|---|---|
| Biblioteca del Ateneo de Madrid | Biblioteca del Ateneo de Madrid | Depósito 2 | 17/01/2008 | P-1045-Ter | 1119554 | 23/02/2023 | 23/02/2023 | Libro impreso |
